Etica: Educación Media. Texto para el estudiante

Zapisane w:
Opis bibliograficzny
Korporacja: Equipo Edebé (Autor)
Format: Książka
Język:hiszpański
Wydane: Santiago Don Bosco S. A 2009
Wydanie:2a. ed
Hasła przedmiotowe:
Etykiety: Dodaj etykietę
Nie ma etykietki, Dołącz pierwszą etykiete!

MARC

LEADER 00000cam a2200000 a 4500
001 UCF8883
003 CL-VaPUC
008 131011e20090200cl |||||||||||||||||spa|d
020 |a 9561807394 
082 0 4 |a 170.712  |b EQU  |2 21 
110 2 |a Equipo Edebé  |e author  |9 570992 
245 1 0 |a Etica: Educación Media. Texto para el estudiante 
250 |a 2a. ed 
300 |a 191 p 
942 |c BK 
945 |d 20131011 10:45:00  |a dcastane 
260 |a Santiago  |b Don Bosco S. A  |c 2009 
650 0 |a Educación moral  |9 308319 
650 0 |a Ética  |9 255099 
583 |a last modification  |c 20131011 10:45:00  |k Rodrigo Vera 
999 |c 353396  |d 353394 
952 |0 0  |1 0  |3 erb  |4 0  |6 170_712000000000000_EQU_2009  |7 0  |8 A  |9 458573  |a BIBTEO  |b BIBTEO  |d 2019-11-23  |i 5015804  |o 170.712 EQU 2009  |p 5015804  |r 2025-01-17  |w 2019-11-23  |y BK  |z Catalogado en:20131011  |k ICR 
952 |0 0  |1 0  |3 erb  |4 0  |6 170_712000000000000_EQU_2009  |7 0  |8 A  |9 458574  |a BIBTEO  |b BIBTEO  |d 2019-11-23  |i 5015812  |l 1  |o 170.712 EQU 2009  |p 5015812  |r 2025-01-17  |s 2024-09-05  |w 2019-11-23  |y BK  |z Catalogado en:20131011  |k ICR 
952 |0 0  |1 0  |3 erb  |4 0  |6 170_712000000000000_EQU_2009  |7 0  |8 A  |9 458575  |a BIBTEO  |b BIBTEO  |d 2019-11-23  |i 5015820  |o 170.712 EQU 2009  |p 5015820  |r 2025-01-17  |w 2019-11-23  |y BK  |z Catalogado en:20131011  |k ICR